[Event "Wch Juvenil 2013 sub-18"]
[Site "Al-Ain UAE"]
[Date "2013.12.21"]
[Round "5.11"]
[White "Sanzhaev, Darsen"]
[Black "Chigaev, Maksim"]
[Result "1/2-1/2"]
[WhiteElo "2366"]
[BlackElo "2508"]
[PlyCount "96"]
[EventDate "2013.12.19"]
[EventType "swiss"]
[EventRounds "11"]
[EventCountry "UAE"]
[Source "lmi"]
[SourceDate "2013.12.19"]

1. d4 Nf6 2. c4 g6 3. Nc3 d5 4. Nf3 Bg7 5. cxd5 Nxd5 6. g3 c5 7. Bg2 Nxc3 8.
bxc3 O-O 9. O-O Nc6 10. e3 Be6 11. Qe2 Qa5 12. Bb2 Qa4 13. Rfd1 Bc4 14. Qe1
cxd4 15. cxd4 Nb4 16. Qd2 Rac8 17. a3 Nd3 18. Bc3 Rfd8 19. Rdb1 b6 20. Bf1 Qa6
21. Bb4 e5 22. Rd1 e4 23. Ne1 Nb2 24. Bxc4 Nxc4 25. Qe2 Qb7 26. Ng2 Bh6 27.
Rac1 Qd5 28. a4 Rc6 29. h4 Rdc8 30. g4 f6 31. Be7 Kf7 32. Bxf6 Kxf6 33. g5+
Bxg5 34. hxg5+ Qxg5 35. d5 Rc5 36. d6 Ne5 37. Rxc5 bxc5 38. Qb2 Qh5 39. Rd5 Rb8
40. d7 Rxb2 41. d8=Q+ Kf7 42. Qc7+ Kf6 43. Qd6+ Kf7 44. Qc7+ Kf6 45. Qd6+ Kf7
46. Qc7+ Kf6 47. Qd8+ Kf7 48. Qc7+ Kf6 1/2-1/2

[Event "Wch Juvenil 2013 sub-18"]
[Site "Al-Ain UAE"]
[Date "2013.12.21"]
[Round "5.12"]
[White "Bortnyk, Olexandr"]
[Black "Ebeling, Daniel"]
[Result "0-1"]
[WhiteElo "2474"]
[BlackElo "2374"]
[PlyCount "60"]
[EventDate "2013.12.19"]
[EventType "swiss"]
[EventRounds "11"]
[EventCountry "UAE"]
[Source "lmi"]
[SourceDate "2013.12.19"]

1. e4 c5 2. c3 Nf6 3. e5 Nd5 4. d4 cxd4 5. Nf3 Nc6 6. cxd4 d6 7. Bc4 e6 8. O-O
Be7 9. Qe2 O-O 10. Re1 Qb6 11. Qe4 dxe5 12. dxe5 Bc5 13. Re2 f5 14. exf6 Nxf6
15. Qh4 Rd8 16. Rd2 Nd4 17. Nxd4 Rxd4 18. Rxd4 Bxd4 19. Bb3 a5 20. Nc3 Bd7 21.
Ne2 Bc5 22. Bc2 Rf8 23. b3 Bb5 24. Nc3 Bxf2+ 25. Qxf2 Ng4 26. Be3 Nxe3 27.
Bxh7+ Kxh7 28. Qxf8 Ng4+ 29. Kh1 Qc7 30. g3 Qxc3 0-1

[Event "Wch Juvenil 2013 sub-18"]
[Site "Al-Ain UAE"]
[Date "2013.12.21"]
[Round "5.13"]
[White "Ynojosa, Felix Jose"]
[Black "Johansson, Linus"]
[Result "1/2-1/2"]
[WhiteElo "2448"]
[BlackElo "2314"]
[PlyCount "109"]
[EventDate "2013.12.19"]
[EventType "swiss"]
[EventRounds "11"]
[EventCountry "UAE"]
[Source "lmi"]
[SourceDate "2013.12.19"]

1. c4 c5 2. Nf3 Nc6 3. e3 Nf6 4. d4 cxd4 5. exd4 d5 6. Nc3 e6 7. c5 Be7 8. Bd3
O-O 9. O-O b6 10. cxb6 axb6 11. Bf4 Ba6 12. Ne5 Nxe5 13. dxe5 Nd7 14. Re1 Bb4
15. Bxa6 Bxc3 16. bxc3 Rxa6 17. Qg4 Ra4 18. Qg3 Kh8 19. Be3 Qc7 20. Bd4 Rfa8
21. Qf3 Kg8 22. Qe2 Qc4 23. Qxc4 Rxc4 24. Reb1 Ra6 25. h3 Kf8 26. g3 Ke7 27.
Kg2 Kd8 28. h4 Kc7 29. h5 Nb8 30. Rb4 Nc6 31. Rxc4 dxc4 32. Be3 Ne7 33. h6 g6
34. a3 Ra5 35. Kf3 Nc6 36. Bf4 Rd5 37. Re1 Ra5 38. Kg4 Ne7 39. Bc1 Nd5 40. Bb2
Kd7 41. Kf3 Rb5 42. Re2 Ne7 43. Rd2+ Kc7 44. Ke4 Nf5 45. Bc1 Rb1 46. Rc2 Kc6
47. g4 Ne7 48. Kd4 b5 49. a4 bxa4 50. Kxc4 Nd5 51. Kd3 Nb6 52. Be3 Nd5 53. Bd4
Rb3 54. Kc4 Rb8 55. Ra2 1/2-1/2

[Event "Wch Juvenil 2013 sub-18"]
[Site "Al-Ain UAE"]
[Date "2013.12.21"]
[Round "5.14"]
[White "Rindlisbacher, Lars"]
[Black "De Filomeno, Simone"]
[Result "1/2-1/2"]
[WhiteElo "2345"]
[BlackElo "2431"]
[PlyCount "111"]
[EventDate "2013.12.19"]
[EventType "swiss"]
[EventRounds "11"]
[EventCountry "UAE"]
[Source "lmi"]
[SourceDate "2013.12.19"]

1. d4 d5 2. c4 e6 3. Nc3 Nf6 4. cxd5 exd5 5. Bg5 c6 6. e3 Be7 7. Bd3 O-O 8.
Nge2 Nbd7 9. O-O b6 10. Ng3 g6 11. f4 Ne8 12. Bxe7 Qxe7 13. e4 dxe4 14. Ncxe4
Qb4 15. Qc2 Qxd4+ 16. Kh1 c5 17. Rad1 Qg7 18. Bb5 Ndf6 19. Bc6 Rb8 20. Rd8 Nxe4
21. Qxe4 Bf5 22. Nxf5 gxf5 23. Qe7 Rxd8 24. Qxd8 Nf6 25. Qd3 Ne4 26. Bxe4 fxe4
27. Qxe4 Qxb2 28. Re1 Qd4 29. Qe7 Qxf4 30. h3 Qh6 31. Qxa7 Qf6 32. Qd7 Rd8 33.
Qg4+ Qg6 34. Qc4 Rd4 35. Qe2 h6 36. Qe8+ Kg7 37. Qe5+ Kh7 38. Qe3 Qf6 39. Rb1
c4 40. a4 Qd6 41. Rf1 Kg7 42. Qf3 Qg6 43. Qe3 Re4 44. Qc3+ f6 45. Rf3 Qf7 46.
Rg3+ Kh7 47. Rf3 f5 48. a5 bxa5 49. Qxa5 f4 50. Qc5 Re7 51. Qd4 Qe6 52. Rxf4
Qe1+ 53. Kh2 Rg7 54. Rf3 Qe2 55. Rf2 Qe6 56. Rf3 1/2-1/2

[Event "Wch Juvenil 2013 sub-18"]
[Site "Al-Ain UAE"]
[Date "2013.12.21"]
[Round "5.15"]
[White "Laurusas, Tomas"]
[Black "Radovanovic, Nikola"]
[Result "1/2-1/2"]
[WhiteElo "2431"]
[BlackElo "2272"]
[PlyCount "58"]
[EventDate "2013.12.19"]
[EventType "swiss"]
[EventRounds "11"]
[EventCountry "UAE"]
[Source "lmi"]
[SourceDate "2013.12.19"]

1. c4 Nf6 2. Nc3 g6 3. e4 d6 4. d4 Bg7 5. f3 O-O 6. Be3 Nc6 7. Nge2 a6 8. Qd2
Na5 9. Nc1 Nd7 10. Be2 e6 11. O-O c5 12. Rd1 b6 13. Nb3 Nxb3 14. axb3 Qe7 15.
f4 Rd8 16. Bf3 Bb7 17. d5 exd5 18. cxd5 Rab8 19. Re1 Re8 20. Rad1 Qd8 21. Qf2
f5 22. exf5 gxf5 23. Kh1 b5 24. Ne2 Nf6 25. Ng3 Bc8 26. Qc2 Ng4 27. Bxg4 fxg4
28. f5 Qf6 29. Bf4 Bd7 1/2-1/2

[Event "Wch Juvenil 2013 sub-18"]
[Site "Al-Ain UAE"]
[Date "2013.12.21"]
[Round "5.17"]
[White "Lokander, Martin"]
[Black "Andersen, Mads"]
[Result "0-1"]
[WhiteElo "2246"]
[BlackElo "2501"]
[PlyCount "140"]
[EventDate "2013.12.19"]
[EventType "swiss"]
[EventRounds "11"]
[EventCountry "UAE"]
[Source "lmi"]
[SourceDate "2013.12.19"]

1. d4 d5 2. c4 c6 3. Nf3 Nf6 4. Nc3 e6 5. Bg5 h6 6. Bh4 dxc4 7. e4 g5 8. Bg3 b5
9. Be2 Bg7 10. a4 g4 11. Nd2 b4 12. Na2 Qxd4 13. e5 Nh5 14. Nxc4 Qxd1+ 15. Rxd1
Nxg3 16. hxg3 Ba6 17. Nd6+ Ke7 18. Nxb4 Bxe2 19. Kxe2 Bxe5 20. Nc4 Bg7 21. Nd3
Nd7 22. Nb4 Nb8 23. Nd3 Nd7 24. Nb4 Rac8 25. Nd6 c5 26. Nxc8+ Rxc8 27. Nc2 Rb8
28. Rb1 Nb6 29. Ne3 Nxa4 30. Nc4 Rb4 31. Rhc1 Bd4 32. Kf1 Nb6 33. Nxb6 axb6 34.
b3 b5 35. Ke2 Kd6 36. f3 Be5 37. Rd1+ Kc6 38. Rh1 Bxg3 39. Rxh6 c4 40. fxg4 c3
41. Rf6 Bf4 42. Kd3 Be5 43. Rxf7 Rd4+ 44. Ke3 Rd2 45. Rff1 Kd5 46. g3 Bd4+ 47.
Kf4 e5+ 48. Kf5 e4 49. g5 e3 50. g6 c2 51. Rbc1 e2 52. Rfe1 Bg7 53. Kf4 Kd4 54.
Kf3 Kd3 55. Kf2 Rd1 56. g4 Rxc1 57. Rxc1 Kd2 58. Rxc2+ Kxc2 59. Kxe2 Kxb3 60.
Kd3 Bh8 61. Ke4 b4 62. Kf5 Kc4 63. Ke6 b3 64. Kf7 b2 65. g7 Bxg7 66. Kxg7 b1=Q
67. g5 Kd5 68. g6 Ke6 69. Kh8 Kf6 70. g7 Qh1+ 0-1

[Event "Wch Juvenil 2013 sub-18"]
[Site "Al-Ain UAE"]
[Date "2013.12.21"]
[Round "5.19"]
[White "Hughes, John L"]
[Black "Srbis, Jurica"]
[Result "0-1"]
[WhiteElo "2155"]
[BlackElo "2399"]
[PlyCount "56"]
[EventDate "2013.12.19"]
[EventType "swiss"]
[EventRounds "11"]
[EventCountry "UAE"]
[Source "lmi"]
[SourceDate "2013.12.19"]

1. e4 e5 2. Nf3 Nc6 3. Bc4 Nf6 4. Ng5 d5 5. exd5 Na5 6. Bb5+ c6 7. dxc6 bxc6 8.
Bd3 h6 9. Ne4 Nd5 10. O-O Be7 11. Ng3 O-O 12. Bf5 Bg5 13. d3 Bxc1 14. Qxc1 Bxf5
15. Nxf5 Qd7 16. Ng3 c5 17. Nd2 f5 18. Nf3 Nc6 19. b3 Rae8 20. Qb2 Nd4 21. Nd2
f4 22. Nge4 f3 23. c3 Ne2+ 24. Kh1 fxg2+ 25. Kxg2 Ndf4+ 26. Kh1 Qh3 27. Rg1
Nxd3 28. Qc2 Rxf2 0-1

[Event "Wch Juvenil 2013 sub-18"]
[Site "Al-Ain UAE"]
[Date "2013.12.21"]
[Round "5.20"]
[White "Mejak, Severin"]
[Black "Javanbakht, Nima"]
[Result "0-1"]
[WhiteElo "2104"]
[BlackElo "2374"]
[PlyCount "108"]
[EventDate "2013.12.19"]
[EventType "swiss"]
[EventRounds "11"]
[EventCountry "UAE"]
[Source "lmi"]
[SourceDate "2013.12.19"]

1. d4 d5 2. c4 e6 3. Nf3 Nf6 4. g3 dxc4 5. Bg2 Bb4+ 6. Bd2 c5 7. dxc5 Bxc5 8.
O-O Nbd7 9. Qa4 O-O 10. Qxc4 b5 11. Qxb5 Rb8 12. Qd3 Qb6 13. Na3 Ba6 14. Nc4
Bxc4 15. Qxc4 Qxb2 16. Bc3 Qa3 17. Rab1 Bxf2+ 18. Kh1 Rbc8 19. Bb4 Rxc4 20.
Bxa3 Bc5 21. Bxc5 Rxc5 22. Rfc1 Rxc1+ 23. Rxc1 Rb8 24. Nd4 g6 25. Bf3 Rb2 26.
a3 Ra2 27. Rc3 Ra1+ 28. Kg2 e5 29. Nc2 Rc1 30. Bc6 Nb6 31. h3 Nfd5 32. Bxd5
Nxd5 33. Rc8+ Kg7 34. Kf3 f5 35. e4 Nf6 36. Rc7+ Kh6 37. exf5 gxf5 38. Rc6 Kg5
39. Nb4 e4+ 40. Kf2 Rd1 41. Ra6 Nh5 42. Rxa7 Rd2+ 43. Ke3 Rh2 44. h4+ Kg4 45.
Rxh7 Nxg3 46. Nd5 Re2+ 47. Kd4 Kf3 48. Rg7 Rd2+ 49. Ke5 e3 50. Rxg3+ Kxg3 51.
Nxe3 Re2 52. Kxf5 Rxe3 53. h5 Kh4 54. h6 Kh5 0-1

[Event "Wch Juvenil 2013 sub-18"]
[Site "Al-Ain UAE"]
[Date "2013.12.21"]
[Round "5.21"]
[White "Kriebel, Tadeas"]
[Black "Madi, Aslan"]
[Result "1-0"]
[WhiteElo "2363"]
[BlackElo "2099"]
[PlyCount "87"]
[EventDate "2013.12.19"]
[EventType "swiss"]
[EventRounds "11"]
[EventCountry "UAE"]
[Source "lmi"]
[SourceDate "2013.12.19"]

1. e4 c6 2. d4 d5 3. Nc3 dxe4 4. Nxe4 Bf5 5. Ng3 Bg6 6. Nf3 Nf6 7. h4 h6 8. h5
Bh7 9. Bd3 Bxd3 10. Qxd3 Nbd7 11. Bf4 Qa5+ 12. Bd2 Qc7 13. O-O-O e6 14. Ne4
Nxe4 15. Qxe4 Nf6 16. Qe2 Be7 17. Ne5 Rd8 18. c3 b5 19. Qf3 c5 20. Bf4 Bd6 21.
Qg3 Rg8 22. Kb1 c4 23. Bc1 b4 24. cxb4 Rb8 25. Bd2 a5 26. Qa3 axb4 27. Qa4+ Kf8
28. Nc6 c3 29. Nxb8 Qxb8 30. Bc1 Nd5 31. Qd7 Bc7 32. Rd3 Qa8 33. Rf3 Qe8 34.
Qxe8+ Kxe8 35. bxc3 bxc3 36. Ba3 f6 37. Kc2 Kf7 38. Bc5 e5 39. dxe5 Bxe5 40.
Re1 Re8 41. a3 Kg8 42. Bd6 Re6 43. Bxe5 fxe5 44. Rf5 1-0

[Event "Wch Juvenil 2013 sub-18"]
[Site "Al-Ain UAE"]
[Date "2013.12.21"]
[Round "5.22"]
[White "Licznerski, Lukasz"]
[Black "Emiroglu, Cankut"]
[Result "1/2-1/2"]
[WhiteElo "2354"]
[BlackElo "2309"]
[PlyCount "80"]
[EventDate "2013.12.19"]
[EventType "swiss"]
[EventRounds "11"]
[EventCountry "UAE"]
[Source "lmi"]
[SourceDate "2013.12.19"]

1. e4 c6 2. d4 d5 3. Nc3 dxe4 4. Nxe4 Nd7 5. Nf3 Ngf6 6. Ng3 g6 7. Bc4 Bg7 8.
O-O O-O 9. Qe2 Nb6 10. Bb3 Bg4 11. c3 a5 12. h3 Bxf3 13. Qxf3 a4 14. Bc2 Nbd5
15. Bd2 b5 16. b3 axb3 17. axb3 Qb6 18. Ne2 Rfe8 19. c4 bxc4 20. bxc4 Qb2 21.
Rxa8 Rxa8 22. Rc1 Ra3 23. Rb1 Qxb1+ 24. Bxb1 Rxf3 25. gxf3 Nb6 26. Bd3 Nfd7 27.
Be3 e5 28. f4 exd4 29. Nxd4 c5 30. Nb3 Bf8 31. f5 Ne5 32. Be2 Nbxc4 33. Bxc5
Nd2 34. Bxf8 Nef3+ 35. Bxf3 Nxf3+ 36. Kh1 Kxf8 37. fxg6 hxg6 38. Kg2 Ng5 39.
Kg3 Kg7 40. Kg2 Ne6 1/2-1/2

[Event "Wch Juvenil 2013 sub-18"]
[Site "Al-Ain UAE"]
[Date "2013.12.21"]
[Round "5.23"]
[White "Tvarijonas, Tomas"]
[Black "Santos Latasa, Jaime"]
[Result "0-1"]
[WhiteElo "2176"]
[BlackElo "2467"]
[PlyCount "78"]
[EventDate "2013.12.19"]
[EventType "swiss"]
[EventRounds "11"]
[EventCountry "UAE"]
[Source "lmi"]
[SourceDate "2013.12.19"]

1. e4 c5 2. Nf3 d6 3. d4 cxd4 4. Nxd4 Nf6 5. Nc3 a6 6. Be3 e6 7. g4 h6 8. f3
Nbd7 9. Qd2 b5 10. a3 Bb7 11. O-O-O Ne5 12. h4 Nfd7 13. Qg2 Rc8 14. Nb1 Nc5 15.
Nd2 Qc7 16. Kb1 Na4 17. Bd3 d5 18. N2b3 Nc4 19. Bc1 Bd6 20. Ne2 dxe4 21. fxe4
Be5 22. c3 g6 23. Qf2 O-O 24. Ka2 Bg7 25. Rhf1 Ne5 26. Qg3 Nxd3 27. Qxd3 Rfd8
28. Qf3 Rxd1 29. Rxd1 Rd8 30. Rf1 Rd7 31. Qe3 Qc4 32. Ng3 Be5 33. Rf3 Bxg3 34.
Rxg3 Bxe4 35. Qf4 Bd5 36. Qxc4 Bxc4 37. Be3 Rd3 38. h5 g5 39. Rh3 f5 0-1

[Event "Wch Juvenil 2013 sub-18"]
[Site "Al-Ain UAE"]
[Date "2013.12.21"]
[Round "5.24"]
[White "Dolnak, Michal"]
[Black "Studer, Noel"]
[Result "1/2-1/2"]
[WhiteElo "2164"]
[BlackElo "2385"]
[PlyCount "81"]
[EventDate "2013.12.19"]
[EventType "swiss"]
[EventRounds "11"]
[EventCountry "UAE"]
[Source "lmi"]
[SourceDate "2013.12.19"]

1. d4 Nf6 2. c4 e6 3. Nf3 d5 4. g3 Bb4+ 5. Nbd2 dxc4 6. Qc2 O-O 7. Qxc4 a5 8.
Bg2 b6 9. Qc2 Ba6 10. a3 Be7 11. Ne4 Nxe4 12. Qxe4 Nd7 13. Ne5 Rc8 14. Nc6 Qe8
15. O-O Bf6 16. Bf4 Bb7 17. Qc2 Nc5 18. Na7 Bxg2 19. Kxg2 Ra8 20. dxc5 Rxa7 21.
c6 e5 22. Be3 Ra8 23. Rad1 Rd8 24. Rxd8 Qxd8 25. Rd1 Qc8 26. b4 axb4 27. axb4
Rd8 28. Rxd8+ Bxd8 29. Qc4 Be7 30. b5 Bd6 31. Qd5 Qf8 32. f4 exf4 33. Bxf4 Bxf4
34. gxf4 Qe7 35. Kf3 g6 36. Qd7 Kf8 37. Qc8+ Kg7 38. Qd7 Kf8 39. Qd4 Kg8 40. e3
f5 41. Qd7 1/2-1/2

[Event "Wch Juvenil 2013 sub-18"]
[Site "Al-Ain UAE"]
[Date "2013.12.21"]
[Round "5.27"]
[White "Alarcon Careaga, Gustavo"]
[Black "Igambergenov, Alibek"]
[Result "0-1"]
[WhiteElo "2133"]
[BlackElo "2323"]
[PlyCount "98"]
[EventDate "2013.12.19"]
[EventType "swiss"]
[EventRounds "11"]
[EventCountry "UAE"]
[Source "lmi"]
[SourceDate "2013.12.19"]

1. e4 e6 2. d4 d5 3. Nd2 Nf6 4. e5 Nfd7 5. Bd3 c5 6. c3 Nc6 7. Ne2 cxd4 8. cxd4
f6 9. exf6 Qxf6 10. Nf3 h6 11. O-O Bd6 12. Bc2 O-O 13. a3 Rd8 14. Ng3 Nf8 15.
Re1 Bd7 16. Nh5 Qf7 17. Ne5 Nxe5 18. dxe5 Bc5 19. Nf4 Rac8 20. b4 Bb6 21. Bd3
a6 22. Ra2 Bb5 23. Bb1 Rc4 24. a4 Be8 25. Qd2 Qe7 26. Bd3 Rxb4 27. Ba3 Bc5 28.
Rc1 Rxf4 29. Bxc5 Qf7 30. g3 Rxa4 31. Rxa4 Bxa4 32. Qa5 Qe8 33. Bxf8 Kxf8 34.
Bg6 Qxg6 35. Qxd8+ Qe8 36. Qd6+ Kg8 37. Rc7 Bc6 38. Re7 Qg6 39. Qxe6+ Qxe6 40.
Rxe6 Kf7 41. Rd6 a5 42. Rd8 a4 43. Kf1 a3 44. Ke1 Ba4 45. Rc8 a2 46. Rc1 Bc2
47. Ra1 Bb1 48. Kd2 d4 49. Kc1 d3 0-1

[Event "Wch Juvenil 2013 sub-18"]
[Site "Al-Ain UAE"]
[Date "2013.12.21"]
[Round "5.28"]
[White "Mindlin, Alon"]
[Black "Kisic, Bozidar"]
[Result "1/2-1/2"]
[WhiteElo "2307"]
[BlackElo "2130"]
[PlyCount "29"]
[EventDate "2013.12.19"]
[EventType "swiss"]
[EventRounds "11"]
[EventCountry "UAE"]
[Source "lmi"]
[SourceDate "2013.12.19"]

1. c4 Nf6 2. Nf3 c5 3. e3 g6 4. d4 Bg7 5. Nc3 cxd4 6. exd4 d5 7. Be2 O-O 8. O-O
Nc6 9. Re1 Bg4 10. cxd5 Nxd5 11. h3 Bxf3 12. Bxf3 e6 13. Bxd5 exd5 14. Be3 Qd7
15. Qd2 1/2-1/2

[Event "Wch Juvenil 2013 sub-18"]
[Site "Al-Ain UAE"]
[Date "2013.12.21"]
[Round "5.29"]
[White "Malureanu, Costin-George"]
[Black "Hernandez Sanchez, Jairo Andre"]
[Result "0-1"]
[WhiteElo "2116"]
[BlackElo "2298"]
[PlyCount "82"]
[EventDate "2013.12.19"]
[EventType "swiss"]
[EventRounds "11"]
[EventCountry "UAE"]
[Source "lmi"]
[SourceDate "2013.12.19"]

1. e4 c5 2. Nf3 Nc6 3. d4 cxd4 4. Nxd4 g6 5. c4 Bg7 6. Be3 Nf6 7. Nc3 O-O 8.
Be2 d6 9. O-O Bd7 10. Qd2 Nxd4 11. Bxd4 Bc6 12. f3 a5 13. b3 Nd7 14. Nd5 Bxd4+
15. Qxd4 e5 16. Qd2 Bxd5 17. Qxd5 Qb6+ 18. Kh1 a4 19. bxa4 Ra5 20. Qd2 Nc5 21.
Bd1 Ne6 22. Bb3 Nd4 23. Rab1 Qc5 24. h4 f5 25. Qg5 Raa8 26. h5 Rf7 27. g4 Ne6
28. Qh6 fxg4 29. fxg4 Raf8 30. Rxf7 Rxf7 31. hxg6 Rg7 32. Qd2 Nf4 33. Rf1 hxg6
34. Rf2 Rh7+ 35. Rh2 Rxh2+ 36. Kxh2 Kg7 37. a5 Kf6 38. Qe1 Kg5 39. Qd2 Qc7 40.
Kg1 Qc6 41. Qe3 Qc8 0-1

[Event "Wch Juvenil 2013 sub-18"]
[Site "Al-Ain UAE"]
[Date "2013.12.21"]
[Round "5.31"]
[White "Draskovic, Luka"]
[Black "Soysal, Serkan"]
[Result "1-0"]
[WhiteElo "2282"]
[BlackElo "2114"]
[PlyCount "31"]
[EventDate "2013.12.19"]
[EventType "swiss"]
[EventRounds "11"]
[EventCountry "UAE"]
[Source "lmi"]
[SourceDate "2013.12.19"]

1. e4 c6 2. d4 d5 3. e5 Bf5 4. h4 h5 5. Bg5 Qb6 6. Bd3 Bxd3 7. Qxd3 Qxb2 8. e6
fxe6 9. Nf3 Nd7 10. O-O e5 11. Qg6+ Kd8 12. Nbd2 e4 13. Rab1 Qxc2 14. Rxb7 Ngf6
15. Ne5 Nxe5 16. dxe5 1-0

[Event "Wch Juvenil 2013 sub-18"]
[Site "Al-Ain UAE"]
[Date "2013.12.21"]
[Round "5.32"]
[White "Aleman Hernandez, Andres"]
[Black "Hasenohr, Benedict"]
[Result "1-0"]
[WhiteElo "2110"]
[BlackElo "2278"]
[PlyCount "55"]
[EventDate "2013.12.19"]
[EventType "swiss"]
[EventRounds "11"]
[EventCountry "UAE"]
[Source "lmi"]
[SourceDate "2013.12.19"]

1. e4 e6 2. d4 d5 3. Nd2 c5 4. c3 cxd4 5. cxd4 Nc6 6. Ngf3 Nf6 7. e5 Ne4 8. Bd3
f5 9. exf6 Nxf6 10. O-O Bd6 11. Nb3 O-O 12. Bg5 Qe8 13. Bxf6 Rxf6 14. h3 a5 15.
Rc1 Bf4 16. Rc3 a4 17. Nc5 e5 18. dxe5 Nxe5 19. Bc2 Qf7 20. Re1 Nd7 21. Bxa4 g6
22. Ne4 Rb6 23. Neg5 Bxg5 24. Nxg5 Qf5 25. Re8+ Kg7 26. Bxd7 Qxd7 27. Qd4+ Rf6
28. Rce3 1-0

[Event "Wch Juvenil 2013 sub-18"]
[Site "Al-Ain UAE"]
[Date "2013.12.21"]
[Round "5.33"]
[White "Igonin, Temur"]
[Black "Teh, Eu Wen Aron"]
[Result "1/2-1/2"]
[WhiteElo "2109"]
[BlackElo "2272"]
[PlyCount "55"]
[EventDate "2013.12.19"]
[EventType "swiss"]
[EventRounds "11"]
[EventCountry "UAE"]
[Source "lmi"]
[SourceDate "2013.12.19"]

1. e4 e5 2. Nf3 Nc6 3. Bc4 Bc5 4. O-O Nf6 5. d4 Bxd4 6. Nxd4 Nxd4 7. f4 d6 8.
fxe5 dxe5 9. Bg5 Ne6 10. Qxd8+ Kxd8 11. Bxf6+ gxf6 12. Rxf6 Ke7 13. Rf2 f6 14.
Nc3 c6 15. Raf1 Rf8 16. Ne2 Bd7 17. Bxe6 Bxe6 18. Ng3 Rad8 19. b3 Rd6 20. c4 b6
21. h3 c5 22. Nh5 Bc8 23. g4 h6 24. Kh2 Bd7 25. Ng3 Bc8 26. Nh5 Bd7 27. Ng3 Bc8
28. Nh5 1/2-1/2

[Event "Wch Juvenil 2013 sub-18"]
[Site "Al-Ain UAE"]
[Date "2013.12.21"]
[Round "5.34"]
[White "Megalios, Konstantinos"]
[Black "Kenneskog, Theodor"]
[Result "1/2-1/2"]
[WhiteElo "2106"]
[BlackElo "2270"]
[PlyCount "74"]
[EventDate "2013.12.19"]
[EventType "swiss"]
[EventRounds "11"]
[EventCountry "UAE"]
[Source "lmi"]
[SourceDate "2013.12.19"]

1. d4 Nf6 2. c4 g6 3. Nc3 d5 4. Nf3 Bg7 5. Bg5 Ne4 6. Bf4 Nxc3 7. bxc3 c5 8. e3
O-O 9. cxd5 cxd4 10. cxd4 Qxd5 11. Be2 Qa5+ 12. Qd2 Nc6 13. Rb1 b6 14. Rb5
Qxd2+ 15. Kxd2 Ba6 16. Rb2 Bxe2 17. Kxe2 Rfc8 18. Rc1 e6 19. Rbc2 Ne7 20. Bc7
f6 21. a4 Kf7 22. Nd2 Bf8 23. e4 Ke8 24. Kd3 Kd7 25. Rc4 f5 26. f3 Bh6 27. R1c2
Bxd2 28. Kxd2 Ng8 29. Kd3 Nf6 30. Be5 Rxc4 31. Rxc4 Ne8 32. d5 exd5 33. exd5
Rc8 34. Rxc8 Kxc8 35. Kc4 a6 36. d6 Kd7 37. Kd5 b5 1/2-1/2

[Event "Wch Juvenil 2013 sub-18"]
[Site "Al-Ain UAE"]
[Date "2013.12.21"]
[Round "5.35"]
[White "Arias, Pablo"]
[Black "Iyti, Basher"]
[Result "1/2-1/2"]
[WhiteElo "2084"]
[BlackElo "2269"]
[PlyCount "103"]
[EventDate "2013.12.19"]
[EventType "swiss"]
[EventRounds "11"]
[EventCountry "UAE"]
[Source "lmi"]
[SourceDate "2013.12.19"]

1. e4 g6 2. d4 Bg7 3. Nc3 c6 4. f4 d5 5. Nf3 dxe4 6. Nxe4 Nf6 7. Nxf6+ exf6 8.
Bd3 O-O 9. O-O Bg4 10. c3 Qc8 11. Qc2 c5 12. f5 Bxf3 13. Rxf3 cxd4 14. cxd4
Qxc2 15. Bxc2 Nc6 16. Be3 Rad8 17. Rd1 Nb4 18. Bb3 Nd5 19. g4 Rfe8 20. Kf2 b5
21. Bxd5 Rxd5 22. Rc1 Rd6 23. Rc7 a6 24. h4 Bf8 25. h5 g5 26. Rg3 Rb6 27. Rg1
Bd6 28. Rc2 Rb7 29. Rd1 Rbe7 30. Rd3 Re4 31. Kf3 Bf4 32. Re2 Bxe3 33. Rdxe3
Rf4+ 34. Kg3 Rxe3+ 35. Rxe3 Rxd4 36. Re2 Kf8 37. Kf3 Rd3+ 38. Re3 Rd2 39. Re2
Rd1 40. Re3 a5 41. a3 Rf1+ 42. Kg3 a4 43. Re4 Rd1 44. Kf3 Rd3+ 45. Ke2 Rb3 46.
Rb4 Ke7 47. Rxb3 axb3 48. Kd3 Kd6 49. h6 Ke5 50. Ke3 Kd5 51. Kd3 Ke5 52. Ke3
1/2-1/2

[Event "Wch Juvenil 2013 sub-18"]
[Site "Al-Ain UAE"]
[Date "2013.12.21"]
[Round "5.36"]
[White "Badalyan, Shavarsh"]
[Black "Menezes, Christoph"]
[Result "1-0"]
[WhiteElo "2077"]
[BlackElo "2260"]
[PlyCount "77"]
[EventDate "2013.12.19"]
[EventType "swiss"]
[EventRounds "11"]
[EventCountry "UAE"]
[Source "lmi"]
[SourceDate "2013.12.19"]

1. d4 Nf6 2. c4 e6 3. Nf3 b6 4. g3 Ba6 5. Qa4 Bb7 6. Bg2 c5 7. dxc5 bxc5 8. O-O
Be7 9. Rd1 O-O 10. Nc3 Qb6 11. Bf4 Rd8 12. Rd2 Ne8 13. Rad1 Bc6 14. Qc2 Qb7 15.
e4 d6 16. Ne1 Nd7 17. Nd5 Bf8 18. Bg5 f6 19. Be3 Ne5 20. Nf4 Nc7 21. Bxc5 Nf7
22. Ba3 Rac8 23. f3 Re8 24. h4 Rcd8 25. Kh2 Rd7 26. Ned3 a5 27. Qc3 Qa8 28. Bh3
Rdd8 29. Nc1 f5 30. exf5 Ne5 31. Bg2 Nxf3+ 32. Bxf3 Bxf3 33. Rf1 Be4 34. f6
gxf6 35. Nh5 Be7 36. Bxd6 Rxd6 37. Rxd6 Bxd6 38. Nxf6+ Kf7 39. Nxe4+ 1-0

[Event "Wch Juvenil 2013 sub-18"]
[Site "Al-Ain UAE"]
[Date "2013.12.21"]
[Round "5.37"]
[White "Saraci, Nderim"]
[Black "Grandadam, Patrik"]
[Result "1-0"]
[WhiteElo "2047"]
[BlackElo "2243"]
[PlyCount "149"]
[EventDate "2013.12.19"]
[EventType "swiss"]
[EventRounds "11"]
[EventCountry "UAE"]
[Source "lmi"]
[SourceDate "2013.12.19"]

1. e4 c5 2. Nf3 e6 3. g3 Nc6 4. Bg2 d5 5. exd5 Qxd5 6. O-O Nf6 7. c3 Qd3 8. Re1
Be7 9. Re3 Qd8 10. d4 O-O 11. Rd3 c4 12. Re3 Nd5 13. Re1 b5 14. a4 b4 15. Ne5
Nxe5 16. dxe5 Bb7 17. cxb4 Bxb4 18. Bd2 Qa5 19. Bxb4 Qxb4 20. Qd2 a5 21. Nc3
Rfd8 22. Red1 Rab8 23. Qc2 h6 24. Rd4 Bc6 25. Rad1 Qxb2 26. Qxb2 Rxb2 27. Rxc4
Bb7 28. Rc5 Ra8 29. Nxd5 Bxd5 30. Bxd5 exd5 31. Rdxd5 Rb4 32. Rc7 Rxa4 33. Rdd7
Rf8 34. e6 Re4 35. exf7+ Kh7 36. Ra7 Re5 37. Kg2 Rf5 38. g4 Rf6 39. h4 g6 40.
Kg3 Kg7 41. Rxa5 R8xf7 42. Rxf7+ Rxf7 43. f4 Rb7 44. h5 gxh5 45. Rxh5 Rb3+ 46.
Kh4 Rb1 47. Ra5 Rh1+ 48. Kg3 Rg1+ 49. Kf3 Rf1+ 50. Ke4 Re1+ 51. Kf5 Re7 52. Ra6
Rf7+ 53. Ke4 Re7+ 54. Kf3 Re1 55. f5 Rf1+ 56. Kg2 Rb1 57. Rg6+ Kh7 58. Kg3 Rg1+
59. Kf4 Ra1 60. Rd6 Ra4+ 61. Kg3 Ra1 62. Rd7+ Kg8 63. Re7 Rb1 64. Kf4 Rb4+ 65.
Re4 Rb5 66. Re6 Kg7 67. Re7+ Kg8 68. f6 Rg5 69. Rd7 Ra5 70. Rg7+ Kh8 71. Re7
Kg8 72. Re5 Ra4+ 73. Kf5 Kf7 74. Re7+ Kg8 75. Re4 1-0

[Event "Wch Juvenil 2013 sub-18"]
[Site "Al-Ain UAE"]
[Date "2013.12.21"]
[Round "5.38"]
[White "Klabis, Rokas"]
[Black "De Abreu, Roberto N"]
[Result "1/2-1/2"]
[WhiteElo "2239"]
[BlackElo "2013"]
[PlyCount "137"]
[EventDate "2013.12.19"]
[EventType "swiss"]
[EventRounds "11"]
[EventCountry "UAE"]
[Source "lmi"]
[SourceDate "2013.12.19"]

1. d4 Nf6 2. Bf4 c5 3. e3 e6 4. c3 d5 5. Nf3 Bd6 6. Bb5+ Nc6 7. Ne5 Qc7 8. Qa4
Bd7 9. Nxd7 Nxd7 10. Bxd6 Qxd6 11. Nd2 O-O 12. O-O Rfc8 13. Qd1 a6 14. Be2 b5
15. a3 Rcb8 16. Bf3 c4 17. e4 a5 18. Re1 b4 19. a4 bxc3 20. bxc3 Rb2 21. Nf1
Rab8 22. Ne3 Ne7 23. g3 Nf8 24. Bg2 R2b3 25. Qc1 h6 26. Bf3 Nd7 27. Bd1 R3b7
28. Bc2 Nf8 29. Qd1 Qb6 30. Ra2 Qc6 31. Qf3 Rb2 32. Raa1 Nd7 33. Re2 Nf6 34. e5
Ne4 35. Nd1 Ng5 36. Qg2 R2b6 37. h4 Nh7 38. g4 Nf8 39. Qf3 Nfg6 40. h5 Nf8 41.
Ne3 Qe8 42. Kg2 Nh7 43. Nf1 Qf8 44. Rae1 Kh8 45. Qg3 Rb2 46. Ne3 Ra2 47. Nd1
Ra1 48. f4 Qe8 49. Kf2 Qg8 50. Rg1 g6 51. Rh1 g5 52. f5 Rb7 53. fxe6 fxe6 54.
Ke3 Qg7 55. Rf1 Ra2 56. Ref2 Ng8 57. Bg6 Rxf2 58. Qxf2 Ne7 59. Bc2 Rb8 60. Kd2
Rf8 61. Qe2 Rxf1 62. Qxf1 Qf8 63. Qxf8+ Nxf8 64. Ne3 Nc6 65. Kc1 Kg7 66. Nf1
Nd7 67. Kb2 Nb6 68. Ka3 Ne7 69. Ne3 1/2-1/2